| 000 | 00507nam a2200205Ia 4500 | ||
|---|---|---|---|
| 008 | 150901s9999 xx 000 0 und d | ||
| 041 | _aEnglish | ||
| 082 | _a302.2 | ||
| 082 | _bQUR/IN | ||
| 100 | _aQuraish M A | ||
| 100 | _eAuthor | ||
| 245 | _aIndian agriculture and rural development: then and now | ||
| 260 | _aNew Delhi | ||
| 260 | _bB R Publishers | ||
| 260 | _c1985 | ||
| 300 | _a276 Pages | ||
| 365 | _aRs .8.28 | ||
| 650 | _aAgricultural productivity | ||
| 942 | _cBK | ||
| 999 |
_c238260 _d238260 |
||